[Event "ROM-ch U08"]
[Site "Calimanesti"]
[Date "2018.04.02"]
[Round "8"]
[White "Radoi, David Emanuel"]
[Black "Niculae, David Andrei"]
[Result "1/2-1/2"]
[WhiteElo "1024"]
[BlackElo "1034"]
[PlyCount "105"]
[EventDate "2018.03.27"]
[EventType "swiss"]
[EventRounds "9"]
[EventCountry "ROU"]
[SourceTitle "CBM 183 Extra"]
[Source "ChessBase"]
[SourceDate "2018.04.19"]
[SourceVersion "1"]
[SourceVersionDate "2018.04.19"]
[SourceQuality "1"]

1. e4 e5 2. Nf3 Nc6 3. Bc4 Nf6 4. Nc3 Bc5 5. 0-0 0-0 6. d3 h6 7. Be3 Bb6 8. Nd5 Nxd5 9. exd5 Nd4 10. Bxd4 Bxd4 11. Nxd4 exd4 12. Re1 Re8 13. Rxe8+ Qxe8 14. c3 dxc3 15. bxc3 d6 16. Qe1 Qd8 17. d4 Qg5 18. Bd3 Bh3 19. g3 Qxd5 20. Qe4 Qxe4 21. Bxe4 Re8 22. Bg2 Bxg2 23. Kxg2 c5 24. dxc5 dxc5 25. Rd1 b6 26. Kf1 g5 27. Re1 Rxe1+ 28. Kxe1 Kg7 29. Ke2 Kg6 30. Kf3 f5 31. g4 fxg4+ 32. Kxg4 h5+ 33. Kg3 b5 34. h4 g4 35. f3 gxf3 36. Kxf3 Kf5 37. Ke3 Ke5 38. Kd3 Kd5 39. Kc2 b4 40. cxb4 cxb4 41. a3 Kc5 42. axb4+ Kxb4 43. Kb2 a5 44. Kc2 a4 45. Kb2 a3+ 46. Ka2 Kc4 47. Kxa3 Kd4 48. Kb2 Ke4 49. Kc1 Kf3 50. Kd1 Kg3 51. Ke1 Kxh4 52. Kf1 Kg3 53. Kg1 1/2-1/2

[Event "ROM-ch U08"]
[Site "Calimanesti"]
[Date "2018.03.30"]
[Round "5"]
[White "Niculae, David Andrei"]
[Black "Serban, Stefan"]
[Result "0-1"]
[WhiteElo "1034"]
[BlackElo "1001"]
[PlyCount "118"]
[EventDate "2018.03.27"]
[EventType "swiss"]
[EventRounds "9"]
[EventCountry "ROU"]
[SourceTitle "CBM 183 Extra"]
[Source "ChessBase"]
[SourceDate "2018.04.19"]
[SourceVersion "1"]
[SourceVersionDate "2018.04.19"]
[SourceQuality "1"]

1. d4 Nc6 2. e4 e5 3. d5 Nd4 4. Nf3 d6 5. Be2 Nf6 6. Nc3 Be7 7. Nb5 Nxf3+ 8. gxf3 0-0 9. f4 exf4 10. Bxf4 a6 11. Nd4 c5 12. Nf3 b5 13. Rg1 g6 14. Bg5 Nxe4 15. Bxe7 Qxe7 16. Qc1 Nf6 17. Nh4 Re8 18. Qd2 Kg7 19. Nf5+ Bxf5 20. h4 Bg4 21. Kd1 Bxe2+ 22. Kc1 Bh5 23. f4 Bg4 24. b3 Qe2 25. Qxe2 Rxe2 26. Kb2 b4 27. Rac1 Bf5 28. Rge1 Rxe1 29. Rxe1 Re8 30. Rxe8 Nxe8 31. a3 bxa3+ 32. Kxa3 Nf6 33. c4 Ne4 34. Ka4 h6 35. Ka5 g5 36. hxg5 hxg5 37. fxg5 Nxg5 38. Kxa6 Bd7 39. Ka5 f5 40. b4 cxb4 41. Kxb4 f4 42. c5 f3 43. c6 Bxc6 44. dxc6 Ne6 45. Kc4 f2 46. c7 Nxc7 47. Kd3 f1Q+ 48. Kd4 Qf5 49. Ke3 Qg4 50. Kd3 Kf6 51. Ke3 Ke5 52. Kd3 d5 53. Ke3 Qe4+ 54. Kd2 Qf3 55. Ke1 Qg2 56. Kd1 Kd4 57. Kc1 Kd3 58. Kb1 Kc3 59. Ka1 Qb2# 0-1

[Event "ROM-ch U08"]
[Site "Baile Felix"]
[Date "2017.02.05"]
[Round "4"]
[White "Niculae, David Andrei"]
[Black "Dragos, Victor"]
[Result "1-0"]
[WhiteElo "1045"]
[BlackElo "1001"]
[PlyCount "63"]
[EventDate "2017.02.02"]
[EventType "swiss"]
[EventRounds "9"]
[EventCountry "ROU"]
[SourceTitle "CBM 176 Extra"]
[Source "ChessBase"]
[SourceDate "2017.03.02"]
[SourceVersion "1"]
[SourceVersionDate "2017.03.02"]
[SourceQuality "1"]

1. e4 c6 2. Bc4 d5 3. exd5 cxd5 4. Bb5+ Nc6 5. Nc3 Nf6 6. d4 a6 7. Bxc6+ bxc6 8. Nf3 Bg4 9. 0-0 Bxf3 10. Qxf3 e6 11. Bf4 Bd6 12. Bxd6 Qxd6 13. Rad1 0-0 14. Rfe1 Rab8 15. Na4 Rb4 16. b3 Rb6 17. Nxb6 Qb4 18. Na4 Qa3 19. Ra1 Qb4 20. c3 Qb7 21. Nc5 Qe7 22. c4 dxc4 23. bxc4 Qd6 24. Red1 Ra8 25. Nb7 Qe7 26. Nc5 Rd8 27. d5 cxd5 28. cxd5 e5 29. Qf5 Nxd5 30. Re1 a5 31. Rxe5 Qh4 32. Re4 1-0